00625nam a2200205 a 450000500170000000800410001701000130005802000250007103500130009603700150010904000180012408200060014210000180014824500880016626000280025427000720028230000320035465000150038670000180040120090907134223.0060731s1999 nyua b 000 0 eng d aB-357087 c60.00a9788126419128 aB-357087 bDBAD / PUB adplbEnglish  aS aTanya Munshi  aFolktales the King of Birds /cretold by Tanya Munshi; illustrated by Sreelal A.G.  aKeralabDC Books c2008 aDC Kizhakemuri Edam, Good Shepherd Street, KottayambKeralae686001 a29p.:c22cm(pbk) bcol. ill 2Folktales  aSreelal A.G.